Người truyền cảm hứng
Sách gồm 4 phần: Những câu ai cũng muốn hỏi về Tiến sĩ Lê Thẩm Dương, những cuộc phỏng vấn truyền cảm hứng, người truyền cảm hứng và điểm báo.
Guardat en:
| Autor principal: | |
|---|---|
| Format: | Llibre |
| Idioma: | Undetermined |
| Publicat: |
Hà Nội
Báo Sinh Viên Việt Nam - Hoa Học Trò
2018
|
| Matèries: | |
| Etiquetes: |
Afegir etiqueta
Sense etiquetes, Sigues el primer a etiquetar aquest registre!
|
| Thư viện lưu trữ: | Trung tâm Học liệu Trường Đại học Cần Thơ |
|---|
| LEADER | 00901nam a2200217Ia 4500 | ||
|---|---|---|---|
| 001 | CTU_230692 | ||
| 008 | 210402s9999 xx 000 0 und d | ||
| 020 | |c 250000 | ||
| 082 | |a 332.1092 | ||
| 082 | |b D561 | ||
| 100 | |a Lê, Thẩm Dương | ||
| 245 | 0 | |a Người truyền cảm hứng | |
| 245 | 0 | |c Lê Thẩm Dương ; Nguyễn Tuấn Anh (Chấp bút) | |
| 260 | |a Hà Nội | ||
| 260 | |b Báo Sinh Viên Việt Nam - Hoa Học Trò | ||
| 260 | |c 2018 | ||
| 520 | |a Sách gồm 4 phần: Những câu ai cũng muốn hỏi về Tiến sĩ Lê Thẩm Dương, những cuộc phỏng vấn truyền cảm hứng, người truyền cảm hứng và điểm báo. | ||
| 650 | |a Ngân hàng,Bankers | ||
| 650 | |x Tiểu sử,Biography | ||
| 910 | |b nthai | ||
| 980 | |a Trung tâm Học liệu Trường Đại học Cần Thơ | ||